La "Escuelita campesina agroecológica" del Centro de Economía Social Julián Garcés A.C. : (Record no. 220495)
[ view plain ]
| 000 -CABECERA | |
|---|---|
| campo de control de longitud fija | 04087nam a2200349 a 4500 |
| 003 - IDENTIFICADOR DEL NÚMERO DE CONTROL | |
| campo de control | OSt |
| 005 - FECHA Y HORA DE LA ÚLTIMA TRANSACCIÓN | |
| campo de control | 20250424105836.0 |
| 007 - CAMPO FIJO DE DESCRIPCIÓN FÍSICA--INFORMACIÓN GENERAL | |
| campo de control de longitud fija | cr ||||||a|c|a |
| 008 - DATOS DE LONGITUD FIJA--INFORMACIÓN GENERAL | |
| campo de control de longitud fija | 250226s2024 mx a|||fom||| 001 0 spa d |
| 040 ## - FUENTE DE LA CATALOGACIÓN | |
| Normas de descripción | rda |
| 100 1# - ENTRADA PRINCIPAL--NOMBRE DE PERSONA | |
| Nombre de persona | Cuatecontzi Galicia, Fernando |
| 9 (RLIN) | 190181 |
| 245 13 - MENCIÓN DE TÍTULO | |
| Título | La "Escuelita campesina agroecológica" del Centro de Economía Social Julián Garcés A.C. : |
| Resto del título | estrategia para la alimentación en Españita, Tlaxcala / |
| Mención de responsabilidad, etc. | por Fernando Cuatecontzi Galicia; director de tesis Bernardino Mata García; secretario María Virginia González Santiago; vocal Edmundo Arturo Pérez Godínez; suplente Sinecio López Méndez; suplente David Delgado Viveros. |
| 264 #1 - PRODUCCIÓN, PUBLICACIÓN, DISTRIBUCIÓN, FABRICACIÓN Y COPYRIGHT | |
| Producción, publicación, distribución, fabricación y copyright | Chapingo, México : |
| Nombre del de productor, editor, distribuidor, fabricante | El autor, |
| Fecha de producción, publicación, distribución, fabricación o copyright | 2024. |
| 300 ## - DESCRIPCIÓN FÍSICA | |
| Extensión | 1 recurso en línea (150 páginas); |
| Otras características físicas | figuras, cuadros. |
| 336 ## - TIPO DE CONTENIDO | |
| Fuente | rdacontent |
| Término de tipo de contenido | texto |
| Código de tipo de contenido | txt |
| 337 ## - TIPO DE MEDIO | |
| Fuente | rdamedia |
| Nombre/término del tipo de medio | computadora |
| Código del tipo de medio | c |
| 338 ## - TIPO DE SOPORTE | |
| Fuente | rdacarrier |
| Nombre/término del tipo de soporte | recurso en línea |
| Código del tipo de soporte | cr |
| 502 ## - NOTA DE TESIS | |
| Tipo de título | Ingeniería en Agroecología |
| Nombre de la institución que otorga el título | Departamento de Enseñanza, Investigación y Servicio en Agroecología, |
| Año de obtención del título | 2024. |
| Información miscelánea | Licenciatura |
| 504 ## - NOTA DE BIBLIOGRAFÍA, ETC. | |
| Nota de bibliografía, etc. | Incluye referencias bibliográficas: páginas 138-141. |
| 520 ## - SUMARIO, ETC. | |
| Sumario, etc. | El Centro de Economía Social Julián Garcés A. C. (CES), es una organización social de base comunitaria integrante de la Pastoral de Derechos Humanos de la Diócesis de Tlaxcala. Promueve desde el 2005 los Derechos Económicos Sociales Culturales y Ambientales (DESCA), mediante procesos de educación popular. Durante el período del 2014 al 2018, implementó el modelo educativo llamado Escuelita Campesina Agroecológica (ESCAMPA); para trabajar con las familias campesinas, grupos comunitarios, cooperativas, académicos y promotores de organizaciones en intercambios de saberes y faenas agroecológicas para compartir prácticas campesinas y agroecológicas que se encaminan a una alimentación sana en comunidades del municipio de Españita. Como muchas organizaciones del país, el CES mantiene un trabajo con escasos recursos realizando sus actividades al servicio de las comunidades y grupos campesinos sin registrar generalmente todos sus procesos. Por lo que se estableció como objetivo de la investigación sistematizar la experiencia de la Escuelita Campesina Agroecológica, que promueve el diálogo de saberes, entre campesinas, campesinos, promotores y académicos de la agroecología; como estrategia educativa para la alimentación en el municipio de Españita. Con los talleres de la sistematización participativa los integrantes del CES recuperaron la metodología de la ESCAMPA y los aspectos más relevantes como estrategia de educación popular para el intercambio de saberes campesino y agroecológicos que permiten buscar una alimentación sana. Como parte de esta investigación se recuperaron los registros de las actividades que se han realizado en autosuficiencia alimentaria desde huertos, elaboración de abonos, ecotecnias y prácticas agroecológicas. Impulsados mediante educación popular y que establecieron el esquema de la ESCAMPA. Una de las conclusiones es que la ESCAMPA facilita el proceso organizativo y político de los grupos comunitarios y familias tanto en la cooperativa, la asamblea tianguis y la transición agroecológica. Puesto que se consensan los temas a compartir en cada sesión; por lo que se resalta la importancia de la Escuelita como estrategia educativa. Se actualizó el modelo educativo de la ESCAMPA para esta nueva etapa de postpandemia y de trabajo con los PRONAII del CONAHCYT. |
| 650 #4 - PUNTO DE ACCESO ADICIONAL DE MATERIA--TÉRMINO DE MATERIA | |
| Término de materia o nombre geográfico como elemento de entrada | Agricultura |
| Subdivisión general | Estudio y enseñanza |
| 9 (RLIN) | 1474 |
| 650 #4 - PUNTO DE ACCESO ADICIONAL DE MATERIA--TÉRMINO DE MATERIA | |
| Término de materia o nombre geográfico como elemento de entrada | Campesinado |
| Subdivisión general | Condiciones económicas |
| 9 (RLIN) | 130533 |
| 650 #4 - PUNTO DE ACCESO ADICIONAL DE MATERIA--TÉRMINO DE MATERIA | |
| Término de materia o nombre geográfico como elemento de entrada | Alimentación saludable |
| 9 (RLIN) | 186168 |
| 650 #4 - PUNTO DE ACCESO ADICIONAL DE MATERIA--TÉRMINO DE MATERIA | |
| Término de materia o nombre geográfico como elemento de entrada | Educación popular |
| 9 (RLIN) | 35584 |
| 700 1# - PUNTO DE ACCESO ADICIONAL--NOMBRE DE PERSONA | |
| Nombre de persona | Mata García, Bernardino |
| 9 (RLIN) | 72863 |
| Término indicativo de función/relación | Director de tesis. |
| 700 1# - PUNTO DE ACCESO ADICIONAL--NOMBRE DE PERSONA | |
| Nombre de persona | González Santiago, María Virginia |
| 9 (RLIN) | 160628 |
| Término indicativo de función/relación | Secretario. |
| 700 1# - PUNTO DE ACCESO ADICIONAL--NOMBRE DE PERSONA | |
| Nombre de persona | Pérez Godínez, Edmundo Arturo |
| 9 (RLIN) | 155440 |
| Término indicativo de función/relación | Vocal. |
| 700 1# - PUNTO DE ACCESO ADICIONAL--NOMBRE DE PERSONA | |
| Nombre de persona | López Méndez, Sinecio |
| 9 (RLIN) | 68133 |
| Término indicativo de función/relación | Suplente. |
| 700 1# - PUNTO DE ACCESO ADICIONAL--NOMBRE DE PERSONA | |
| Nombre de persona | Delgado Viveros, David |
| 9 (RLIN) | 175655 |
| Término indicativo de función/relación | Suplente. |
| 856 ## - LOCALIZACIÓN Y ACCESO ELECTRÓNICOS | |
| Identificador Uniforme del Recurso | http://10.13.5.2/tesis/tl/8810247-2_CUATECONTZI_GALICIA_FERNANDO.pdf |
| Nota pública | DESCARGAR PDF |
| 942 ## - ELEMENTOS DE PUNTO DE ACCESO ADICIONAL (KOHA) | |
| Fuente del sistema de clasificación o colocación | Clasificación Universidad Autónoma Chapingo |
| Tipo de ítem Koha | Tesis digital |
| Estado de retiro | Estado de pérdida | Fuente del sistema de clasificación o colocación | Estado dañado | Restricciones de uso | No para préstamo | Código de colección | Localización permanente | Ubicación/localización actual | Ubicación en estantería | Fecha de adquisición | Total de préstamos | Signatura topográfica completa | Fecha visto por última vez | Precio válido a partir de | Tipo de ítem Koha |
|---|---|---|---|---|---|---|---|---|---|---|---|---|---|---|---|
| Clasificación Universidad Autónoma de Chapingo | Préstamo interno | Tesis digitales de Licenciatura | Biblioteca Digital | Biblioteca Digital | En línea | 26/02/2025 | Tesis digital | 26/02/2025 | 26/02/2025 | Tesis digital |
